000 00476nam a2200181Ia 4500
005 20250508162009.0
008 008 250505s9999 xx 000 0 eng d
020 _a0-85969-076-8
037 _aTextual
040 _aFEDL
_beng
_cFEDL
041 _aeng
_2eng
084 _a294.3, MER
_qFEDL
245 0 _aThomas Merton on zen
260 _aLondon, UK
_bSheldon Press
_c1976
300 _axi,144p.
942 _cTEXL
_h294.3, MER
999 _c1373730
_d1373730